Ako dosiahnuť ekologickú stabilitu a ekonomickú samostatnosť lesných porastov?

Bibliographic Details
Main Authors: Marko, Jozef (Author), Saniga, Milan, 1951- (Author)
Format: Article
Language:Slovak
ISSN:1337-088X
Subjects:

MARC

LEADER 00000nab a2200000 a 4500
001 vtls009947896
003 SK-MaSNL
005 20260304172930.0
008 250526c2009 xo |||||||||||000 b|slo
015 |a SNBRB2009/09  |2 snkbucl 
035 |a urn:nbn:sk:snk-ab857q 
035 |a (urnnbn)urn:nbn:sk:snk:ar-006az0 
035 |a (uuid)1b467985-0c3e-45f7-a289-a91c315edfc8 
038 |a SNKBUCL 
040 |a SNKBUCL  |b slo  |c SNKBUCL  |e AACR2 
041 0 |a slo 
044 |a xo  |c SK 
080 |a 630*242  |x (437.6)  |2 1997 
080 |a 502.3  |x (437.6)  |2 1997 
080 |a 630:502.3:061.3  |x (437.6)  |2 1997 
080 |a 630*18  |x (437.6)  |2 1997 
100 1 |a Marko, Jozef  |4 aut  |9 632205 
245 1 0 |a Ako dosiahnuť ekologickú stabilitu a ekonomickú samostatnosť lesných porastov?  |c Jozef Marko 
610 2 7 |a Pro Silva (hnutie : Slovensko)  |2 snkbucl  |9 1502509 
650 0 7 |a prírode blízke lesné hospodárstvo  |2 snkbucl  |9 1502510 
650 0 7 |a lesné porasty  |2 snkbucl  |9 67666 
650 0 7 |a prebierky lesných porastov  |2 snkbucl  |9 476551 
700 1 |a Saniga, Milan,  |d 1951-  |4 aut  |9 198189 
773 0 |t Les & Letokruhy  |g Roč. 65/8, č. 7-8 (2009), s. 21-22  |x 1337-088X 
850 |a Slovenská národná knižnica 
852 |a Slovenská národná knižnica 
954 |a odborná, vedecká literatúra pôvodná (slovenská)  |2 lita 
958 |a ONDV 
958 |a article9 
958 |a SK 
999 |c 3000810  |d 3002740